00418nam a2200157Ia 45000010006000000050017000060080041000230410008000640820016000721000024000882450095001122600009002073000028002166500008002446540008002521067620260306161849.0260306t2006||||xx |||||||||||||| ||spa|| aESP a946.06bF81 aFraser, RonaldeAUT 0aLa maldita guerra de España:bHistoria social de la guerra de la independencia 1808-1814 c2006 a932 páginas :c24 cm. aGEN aCHU